<?xml version="1.0" encoding="UTF-8"?>
<record
    xmlns:xsi="http://www.w3.org/2001/XMLSchema-instance"
    xsi:schemaLocation="http://www.loc.gov/MARC21/slim http://www.loc.gov/standards/marcxml/schema/MARC21slim.xsd"
    xmlns="http://www.loc.gov/MARC21/slim">

  <leader>00707nam a22002417a 4500</leader>
  <controlfield tag="003">UA-OsUOA</controlfield>
  <controlfield tag="001"> 23309 </controlfield>
  <controlfield tag="007">ta</controlfield>
  <controlfield tag="008">20040117b un ||||| |||| 00| 0 ukr d</controlfield>
  <datafield tag="090" ind1=" " ind2=" ">
    <subfield code="a">2(091)(477)</subfield>
    <subfield code="b">Z99</subfield>
  </datafield>
  <datafield tag="942" ind1=" " ind2=" ">
    <subfield code="c">BK</subfield>
  </datafield>
  <datafield tag="040" ind1=" " ind2=" ">
    <subfield code="a">UA-OsUOA</subfield>
    <subfield code="b">ukr</subfield>
    <subfield code="c">UA-OsUOA</subfield>
    <subfield code="d">UA-OsUOA</subfield>
  </datafield>
  <datafield tag="245" ind1=" " ind2=" ">
    <subfield code="a">&#x406;&#x441;&#x442;&#x43E;&#x440;&#x456;&#x44F; &#x440;&#x435;&#x43B;&#x456;&#x433;&#x456;&#x439; &#x432; &#x423;&#x43A;&#x440;&#x430;&#x457;&#x43D;&#x456;</subfield>
    <subfield code="b">&#x442;&#x435;&#x437;&#x438; &#x43F;&#x43E;&#x432;&#x456;&#x434;&#x43E;&#x43C;&#x43B;&#x435;&#x43D;&#x44C; &#x41C;&#x456;&#x436;&#x43D;&#x430;&#x440;&#x43E;&#x434;&#x43D;&#x43E;&#x433;&#x43E; V &#x43A;&#x440;&#x443;&#x433;&#x43B;&#x43E;&#x433;&#x43E; &#x441;&#x442;&#x43E;&#x43B;&#x443; (&#x41B;&#x44C;&#x432;&#x456;&#x432;, 3-5 &#x442;&#x440;&#x430;&#x432;&#x43D;&#x44F; 1995 &#x440;&#x43E;&#x43A;&#x443;)</subfield>
  </datafield>
  <datafield tag="300" ind1=" " ind2=" ">
    <subfield code="a">323 &#x441;.</subfield>
  </datafield>
  <datafield tag="955" ind1=" " ind2=" ">
    <subfield code="a">1</subfield>
  </datafield>
  <datafield tag="041" ind1=" " ind2=" ">
    <subfield code="a">ukr</subfield>
  </datafield>
  <datafield tag="080" ind1=" " ind2=" ">
    <subfield code="a">2(091)(477)</subfield>
  </datafield>
  <datafield tag="260" ind1=" " ind2=" ">
    <subfield code="a">&#x41A;&#x438;&#x457;&#x432;</subfield>
    <subfield code="c">1995</subfield>
  </datafield>
  <datafield tag="246" ind1="3" ind2="1">
    <subfield code="a">&#x427;. 3</subfield>
    <subfield code="n"></subfield>
  </datafield>
  <datafield tag="044" ind1=" " ind2=" ">
    <subfield code="a">UA</subfield>
  </datafield>
  <datafield tag="650" ind1=" " ind2="7">
    <subfield code="a">2 &#x420;&#x435;&#x43B;&#x456;&#x433;&#x456;&#x44F;. &#x422;&#x435;&#x43E;&#x43B;&#x43E;&#x433;&#x456;&#x44F;.</subfield>
    <subfield code="2">UDC</subfield>
  </datafield>
  <datafield tag="999" ind1=" " ind2=" ">
    <subfield code="c">309554</subfield>
    <subfield code="d">309554</subfield>
  </datafield>
  <datafield tag="952" ind1=" " ind2=" ">
    <subfield code="0">0</subfield>
    <subfield code="1">0</subfield>
    <subfield code="2">udc</subfield>
    <subfield code="4">0</subfield>
    <subfield code="7">0</subfield>
    <subfield code="a">102</subfield>
    <subfield code="b">102</subfield>
    <subfield code="d">2004-01-17</subfield>
    <subfield code="g">7.00</subfield>
    <subfield code="i">63600</subfield>
    <subfield code="l">0</subfield>
    <subfield code="o">2(091)(477) Z99</subfield>
    <subfield code="p">63600</subfield>
    <subfield code="r">2022-02-07 00:00:00</subfield>
    <subfield code="w">2004-01-17</subfield>
    <subfield code="y">BK</subfield>
  </datafield>
</record>
